| 000 | 00703nam a2200217Ia 4500 | ||
|---|---|---|---|
| 005 | 20241129111104.0 | ||
| 008 | 241129s9999||||xx |||||||||||||| ||und|| | ||
| 020 | _a978-93-89389-44-9 | ||
| 037 | _aTB | ||
| 040 |
_aCRL _bhin _cCRL |
||
| 041 |
_ahin _2hin |
||
| 084 |
_aO152,6x R2 _qCRL |
||
| 100 | _aमाथुर, पवन, ले. | ||
| 245 | 0 |
_aसंभव होने की अजस्त्र धारा _cमाथुर, पवन, ले. |
|
| 260 |
_aनई दिल्ली, भारत _bहंस प्रकाशन _c2022 |
||
| 300 | _a230पृ0 | ||
| 365 |
_aINR _b695 |
||
| 650 | _aHindi Prose | ||
| 942 |
_cTB _hO152,6x R2 |
||
| 999 |
_c1228878 _d1228878 |
||